| 000 | 00414nam a22001697a 4500 | ||
|---|---|---|---|
| 999 |
_c522724 _d522724 |
||
| 003 | NUST | ||
| 038 | _awaseem | ||
| 082 |
_a891.4391 _bSHA |
||
| 100 |
_aShamim, Tahira _912940 |
||
| 245 |
_aRang-e-Ufaq / _cTahira Shamim |
||
| 260 |
_aLahore : _bCombine, _c1989. |
||
| 300 | _a103 p. ; | ||
| 500 | _aPaperback. | ||
| 880 |
_6100-01\r _aطاہرہ شمیم |
||
| 880 |
_6245-02\r _aرنگ افق |
||
| 942 |
_2ddc _cBK |
||